Dukla - Pamätník Čs. armády

Zobrazenie: Pohľad v bielo-červeno-zlatom orámovaní na Dukliansky pamätník so súsoším. V popredí je náhrobný kameň, kvety a veniec so stuhou. Vpravo za pomníkom je vysoký ihličnatý strom. Vľavo v pozadí je vidno časť vysokého ihličnatého stromu. V pozadí za pamätníkom je hustý les...

Full description

Bibliographic Details
Other Authors: Čeněk, J. (fotograf) (Photographer)
Format: Postcard
Language:Slovak
PhysicalDescription:1 pohľadnica farebná 15 x 11 cm
Published: Bratislava ČSTK-Pressfoto 1979
Subjects:

MARC

LEADER 00000nkm a2200000 a 4500
001 vtls012063048
003 SK-MaSNL
005 20260512123954.0
007 kp co
008 210723s1979 xo g kuslo
015 |a SNBG1979 
040 |a SNK  |b slo  |c SNK  |e AACR2 
041 0 |a slo 
043 |a e-xo---  |a e-pl--- 
044 |a xo  |c SK 
072 7 |a 913  |x Regionálna geografia  |2 konspekt 
080 |a 913(437.6)  |2 2011 
080 |a 725.945  |2 2011 
080 |a (438)  |2 2011 
080 |a 730  |2 2011 
080 |a 712.253  |2 2011 
080 |a 630*10  |2 2011 
080 |a 904:72  |2 2011 
080 |a 904(084.121)  |2 2011 
080 |a 908(437.6)  |2 2011 
100 1 |a Čeněk, J.  |c (fotograf)  |4 pht  |9 302958 
245 1 0 |a Dukla - Pamätník Čs. armády  |h grafika  |c foto: J. Čeněk 
260 |a Bratislava  |b ČSTK-Pressfoto  |c 1979  |e Skalica  |f Grafobal 
300 |a 1 pohľadnica  |b farebná  |c 15 x 11 cm 
520 8 |a Zobrazenie: Pohľad v bielo-červeno-zlatom orámovaní na Dukliansky pamätník so súsoším. V popredí je náhrobný kameň, kvety a veniec so stuhou. Vpravo za pomníkom je vysoký ihličnatý strom. Vľavo v pozadí je vidno časť vysokého ihličnatého stromu. V pozadí za pamätníkom je hustý les 
650 0 7 |a pamätníky  |2 SNKPH  |9 25601 
650 0 7 |a súsošia  |2 SNKPH  |9 81386 
650 0 7 |a parky  |2 SNKPH  |9 2942 
650 0 7 |a lesy  |2 SNKPH  |9 1437 
650 0 7 |a národné kultúrne pamiatky  |2 SNKPH  |9 31192 
650 0 7 |a Pamätník Dukla  |z Vyšný Komárnik, Slovensko  |2 SNKPH  |9 340357 
651 7 |a Dukliansky priesmyk (Poľsko a Slovensko)  |2 SNKPHgeo  |9 171975 
651 7 |a Vyšný Komárnik (Slovensko)  |2 SNKPHgeo  |9 59103 
655 7 |a miestne pohľadnice  |2 SNKPH  |9 70510 
655 7 |a geografické pohľadnice  |2 SNKPH  |9 70522 
655 7 |a pohľadnice kultúrnych pamiatok  |2 SNKPH  |9 70523 
958 |a GC 
958 |a GBN 
958 |a OND 
999 |c 844444  |d 846374 
952 |a SNK  |b SNK  |y PREZ  |7 0  |p 17A1410769  |o snkSP 114872  |0 0  |1 0  |4 0  |d 2021-07-23  |f 1  |l 0  |r 2026-02-24 04:22:32  |w 2026-02-24 
952 |a SNK  |b SNK  |y PREZ  |7 0  |p 17A1410788  |o snkSP 114872 D1  |0 0  |1 0  |4 0  |d 2021-07-23  |l 0  |r 2026-02-24 04:22:32  |w 2026-02-24